[Event "GER-ch Net Amateur Gr-A Vor3"]
[Site "Playchess.com INT"]
[Date "2020.04.16"]
[Round "6"]
[White "Sauer, Bernd"]
[Black "Beesk, Kevin"]
[Result "0-1"]
[WhiteElo "1534"]
[BlackElo "1835"]
[PlyCount "92"]
[EventDate "2020.04.16"]
[EventType "swiss (blitz)"]
[EventRounds "9"]
[EventCountry "GER"]
[SourceTitle "CBM 195 Extra"]
[Source "ChessBase"]
[SourceDate "2020.05.31"]
[SourceVersion "1"]
[SourceVersionDate "2020.05.31"]
[SourceQuality "1"]

1. b4 c6 2. Bb2 a5 3. a3 axb4 4. axb4 Rxa1 5. Bxa1 d5 6. e3 Bf5 7. Nf3 h6 8. Be2 Nd7 9. 0-0 Ngf6 10. b5 Qc7 11. bxc6 bxc6 12. d3 e5 13. Nbd2 Bd6 14. e4 Be6 15. c4 0-0 16. cxd5 cxd5 17. Qa4 Nc5 18. Qc2 d4 19. Nc4 Rc8 20. Rc1 Bxc4 21. Qxc4 Ne6 22. Qxc7 Rxc7 23. Rxc7 Bxc7 24. Bb2 Nd7 25. Nd2 Nf4 26. Bf1 Nc5 27. Nc4 Ncxd3 28. Ba3 Ne1 29. g3 Ne6 30. Bb4 Nc2 31. Bd2 Nc5 32. f4 f6 33. fxe5 fxe5 34. Bh3 Nb3 35. Be6+ Kf8 36. Kf2 Nxd2 37. Nxd2 Ke7 38. Bb3 Nb4 39. Ke2 Kd6 40. Nc4+ Kc5 41. g4 Nc6 42. h3 Ne7 43. h4 Ng6 44. g5 hxg5 45. hxg5 Bd8 46. Kd3 Bxg5 0-1

[Event "GER-ch Net Amateur Gr-A Vor2"]
[Site "Playchess.com INT"]
[Date "2020.04.15"]
[Round "7"]
[White "Sauer, Bernd"]
[Black "Meschke, Andreas"]
[Result "0-1"]
[WhiteElo "1432"]
[BlackElo "1594"]
[PlyCount "82"]
[EventDate "2020.04.15"]
[EventType "swiss (blitz)"]
[EventRounds "9"]
[EventCountry "GER"]
[SourceTitle "CBM 196 Extra"]
[Source "ChessBase"]
[SourceDate "2020.07.31"]
[SourceVersion "1"]
[SourceVersionDate "2020.07.31"]
[SourceQuality "1"]

1. b4 e5 2. Bb2 Nf6 3. Bxe5 Bxb4 4. Nf3 Nc6 5. Bb2 0-0 6. e3 d5 7. Be2 Bg4 8. 0-0 Re8 9. d3 Bxf3 10. Bxf3 Ne5 11. Be2 c6 12. Nd2 Bd6 13. Rc1 Rc8 14. c4 Bb8 15. cxd5 Nxd5 16. Nc4 Ng6 17. e4 Ndf4 18. Bg4 Rc7 19. g3 Nxd3 20. Qe2 Nxc1 21. Rxc1 Rce7 22. e5 b5 23. Nd6 Bxd6 24. Rxc6 Bxe5 25. Qxb5 Bxb2 26. Qxb2 Re1+ 27. Kg2 Qd5+ 28. Bf3 Qg5 29. Qb4 h5 30. h4 Qf5 31. Rc5 Ne5 32. Bb7 Re2 33. Qd4 Rxf2+ 34. Qxf2 Qxf2+ 35. Kxf2 Nd3+ 36. Kf3 Nxc5 37. Bc6 Re7 38. Kf4 Kf8 39. g4 hxg4 40. Kxg4 Re5 41. Kf4 f6 0-1

[Event "Krakow Olimpic op"]
[Site "Krakow"]
[Date "2019.10.06"]
[Round "4"]
[White "Cichon, Jakub"]
[Black "Sauer, Bernd"]
[Result "1/2-1/2"]
[WhiteElo "1648"]
[BlackElo "1907"]
[PlyCount "65"]
[EventDate "2019.10.04"]
[EventType "swiss"]
[EventRounds "5"]
[EventCountry "POL"]
[SourceTitle "EXT 2020"]
[Source "ChessBase"]
[SourceDate "2019.10.17"]
[SourceVersion "1"]
[SourceVersionDate "2019.10.17"]
[SourceQuality "1"]

1. e4 c6 2. d4 d5 3. Nc3 dxe4 4. Nxe4 Nf6 5. Nxf6+ exf6 6. Nf3 Bd6 7. Bd3 0-0 8. 0-0 Bg4 9. Re1 Qc7 10. h3 Bh5 11. Be4 Nd7 12. Qd3 Bg6 13. Bd2 Rfe8 14. Bxg6 hxg6 15. Re2 Nf8 16. Rae1 Re6 17. Rxe6 Nxe6 18. c4 Rd8 19. Kf1 Bc5 20. Bc3 Bxd4 21. Bxd4 c5 22. Be5 fxe5 23. Qe4 f6 24. Qxg6 Nd4 25. Nh2 Qf7 26. Qxf7+ Kxf7 27. Rd1 Rd6 28. b3 Ke7 29. Ng4 Nc2 30. Rxd6 Kxd6 31. Ne3 Nxe3+ 32. fxe3 e4 33. Kf2 1/2-1/2

[Event "Ruhrgebiet Verbandsliga Gruppe 2 1819"]
[Site "Nordrheinwestfalen"]
[Date "2019.03.10"]
[Round "7.7"]
[White "Wenzel, Martin"]
[Black "Sauer, Bernd"]
[Result "1-0"]
[WhiteElo "1943"]
[BlackElo "1919"]
[PlyCount "57"]
[EventDate "2018.09.23"]
[EventType "team-tourn"]
[EventRounds "9"]
[EventCountry "GER"]
[SourceTitle "EXT 2022"]
[Source "ChessBase"]
[SourceDate "2021.10.06"]
[SourceVersion "1"]
[SourceVersionDate "2021.10.06"]
[SourceQuality "1"]
[WhiteTeam "Gladbeck SG"]
[BlackTeam "Essen Katernberg III"]
[WhiteTeamCountry "GER"]
[BlackTeamCountry "GER"]

1. e4 c6 2. Ne2 d5 3. e5 Bf5 4. Ng3 Bg6 5. e6 Qd6 6. exf7+ Bxf7 7. d4 Nd7 8. f4 Ngf6 9. Be2 h5 10. h4 g6 11. 0-0 Bg7 12. Nd2 Ng4 13. Nf3 Qf6 14. f5 Qd6 15. Qe1 0-0-0 16. c3 e5 17. Ng5 Bg8 18. fxg6 exd4 19. Bxg4 hxg4 20. Nf5 Qc5 21. Nxg7 dxc3+ 22. Be3 d4 23. N5e6 Bxe6 24. Nxe6 Qd5 25. Nxd8 dxe3 26. Nf7 e2 27. Qxe2 Rxh4 28. Qe8+ Kc7 29. Qd8# 1-0

[Event "Ruhrgebiet Verbandsliga Gruppe 2 1819"]
[Site "Nordrheinwestfalen"]
[Date "2019.02.03"]
[Round "6.7"]
[White "Sauer, Bernd"]
[Black "Parado, Dominado"]
[Result "1-0"]
[WhiteElo "1919"]
[BlackElo "1905"]
[PlyCount "65"]
[EventDate "2018.09.23"]
[EventType "team-tourn"]
[EventRounds "9"]
[EventCountry "GER"]
[SourceTitle "EXT 2022"]
[Source "ChessBase"]
[SourceDate "2021.10.06"]
[SourceVersion "1"]
[SourceVersionDate "2021.10.06"]
[SourceQuality "1"]
[WhiteTeam "Essen Katernberg III"]
[BlackTeam "Recklinghausen Sued"]
[WhiteTeamCountry "GER"]
[BlackTeamCountry "GER"]

1. d4 Nf6 2. c4 g6 3. Nc3 Bg7 4. e4 d6 5. f4 0-0 6. Be2 c5 7. d5 b5 8. cxb5 a6 9. bxa6 Qa5 10. Bd2 Bxa6 11. Nf3 Qb6 12. 0-0 c4+ 13. Kh1 Ng4 14. Qe1 Qxb2 15. Rb1 Qa3 16. h3 Nh6 17. g4 f5 18. Ng5 Rc8 19. Ne6 fxe4 20. Nxg7 Kxg7 21. f5 Ng8 22. fxg6 hxg6 23. Qf2 Nd7 24. Qf7+ Kh8 25. Qxg6 Rf8 26. Qh5+ Kg7 27. Nxe4 Ndf6 28. Qg5+ Kh8 29. Qh4+ Kg7 30. Bc3 Qxa2 31. Rb2 Qa3 32. Ng5 Bc8 33. Qh7# 1-0

[Event "Ruhrgebiet Verbandsliga Gruppe 1 1718"]
[Site "Germany"]
[Date "2017.11.05"]
[Round "3.6"]
[White "Brockmann, Michael"]
[Black "Sauer, Bernd"]
[Result "1/2-1/2"]
[WhiteElo "1961"]
[BlackElo "1898"]
[PlyCount "89"]
[EventDate "2017.09.17"]
[EventType "team-tourn"]
[EventRounds "9"]
[EventCountry "GER"]
[SourceTitle "EXT 2022"]
[Source "ChessBase"]
[SourceDate "2021.10.06"]
[SourceVersion "1"]
[SourceVersionDate "2021.10.06"]
[SourceQuality "1"]
[WhiteTeam "Eichlinghofen SV"]
[BlackTeam "Essen Katernberg III"]
[WhiteTeamCountry "GER"]
[BlackTeamCountry "GER"]

1. d4 f5 2. c4 Nf6 3. Nf3 g6 4. g3 Bg7 5. Bg2 0-0 6. 0-0 d6 7. Qc2 a5 8. b3 Na6 9. Bb2 Ne4 10. Nc3 Nb4 11. Qb1 Nxc3 12. Bxc3 Qe8 13. Qb2 Nc6 14. d5 Bxc3 15. Qxc3 Nd8 16. Nd4 c6 17. Rad1 cxd5 18. cxd5 Bd7 19. a4 Nf7 20. Rc1 Qb8 21. Qc7 Ne5 22. f4 Qa7 23. fxe5 Qxd4+ 24. Kh1 Rfd8 25. e6 Rac8 26. Qxa5 Be8 27. e4 Rxc1 28. Rxc1 Rc8 29. Rf1 fxe4 30. Qe1 e3 31. Qe2 g5 32. h3 Bg6 33. Rf3 Be4 34. Rxe3 Bxg2+ 35. Kxg2 Qxd5+ 36. Kh2 Rf8 37. Rd3 Qc5 38. Kg2 Qc6+ 39. Kh2 Qc5 40. Rf3 Qd4 41. Rxf8+ Kxf8 42. Qf3+ Qf6 43. Kg2 Kg7 44. Qxb7 Qxe6 45. Qf3 1/2-1/2

[Event "Ruhrgebiet Verbandsliga Gruppe 1 1415"]
[Site "Germany"]
[Date "2015.04.26"]
[Round "9.7"]
[White "Sauer, Bernd"]
[Black "Behnick, Eckhard"]
[Result "1-0"]
[WhiteElo "1891"]
[BlackElo "1746"]
[PlyCount "105"]
[EventDate "2014.09.21"]
[EventType "team-tourn"]
[EventRounds "9"]
[EventCountry "GER"]
[SourceTitle "EXT 2022"]
[Source "ChessBase"]
[SourceDate "2021.10.06"]
[SourceVersion "1"]
[SourceVersionDate "2021.10.06"]
[SourceQuality "1"]
[WhiteTeam "Katernberg SF III"]
[BlackTeam "Herne Sodingen II"]
[WhiteTeamCountry "GER"]
[BlackTeamCountry "GER"]

1. d4 d5 2. c4 c6 3. Nc3 Nf6 4. e3 Nbd7 5. Nf3 h6 6. Bd3 dxc4 7. Bxc4 Nb6 8. Bd3 Bg4 9. h3 Bxf3 10. Qxf3 e6 11. Bd2 Qd7 12. 0-0 Rc8 13. Rfd1 Be7 14. Rac1 0-0 15. Be1 Nbd5 16. e4 Nxc3 17. bxc3 Rfe8 18. e5 Nd5 19. c4 Nc7 20. Be4 f5 21. exf6 Bxf6 22. Qg4 g5 23. d5 cxd5 24. cxd5 Qf7 25. d6 Nd5 26. Rxc8 Rxc8 27. Bxd5 Re8 28. Bb3 Qd7 29. Qh5 Kg7 30. Rc1 Rc8 31. Rxc8 Qxc8 32. Qe2 e5 33. Qc4 Qxc4 34. Bxc4 Bd8 35. Bc3 Kf6 36. Kf1 a6 37. Ke2 b5 38. Bd5 a5 39. Kd3 b4 40. Bb2 Kf5 41. g4+ Kf6 42. Ke4 Kg6 43. Bxe5 h5 44. f3 hxg4 45. hxg4 Bb6 46. Bb3 Bd8 47. Kd5 Kf7 48. Kc6+ Ke8 49. d7+ Ke7 50. Bd6+ Kf6 51. Bc7 Ke7 52. Bxd8+ Kxd8 53. Ba4 1-0

[Event "Ruhrgebiet Verbandsliga Gruppe 1 1415"]
[Site "Germany"]
[Date "2015.03.01"]
[Round "7.7"]
[White "Sauer, Bernd"]
[Black "Hampe, Lars"]
[Result "0-1"]
[WhiteElo "1900"]
[BlackElo "1858"]
[PlyCount "120"]
[EventDate "2014.09.21"]
[EventType "team-tourn"]
[EventRounds "9"]
[EventCountry "GER"]
[SourceTitle "EXT 2022"]
[Source "ChessBase"]
[SourceDate "2021.10.06"]
[SourceVersion "1"]
[SourceVersionDate "2021.10.06"]
[SourceQuality "1"]
[WhiteTeam "Katernberg SF III"]
[BlackTeam "Hoentrop SG"]
[WhiteTeamCountry "GER"]
[BlackTeamCountry "GER"]

1. d4 Nf6 2. c4 d6 3. Nc3 Nbd7 4. e4 e5 5. Nf3 c6 6. Be2 Qc7 7. 0-0 Be7 8. Bg5 0-0 9. Rc1 exd4 10. Nxd4 Nc5 11. Re1 Re8 12. Bf3 Ne6 13. Be3 Nxd4 14. Qxd4 Ng4 15. Bf4 Ne5 16. Be2 Bf6 17. Qd2 Be6 18. Nd5 Bxd5 19. exd5 c5 20. Bg3 Qd7 21. h3 a6 22. f4 Ng6 23. Bg4 Rxe1+ 24. Rxe1 Qd8 25. Kh2 Bh4 26. Bxh4 Qxh4 27. g3 Qf6 28. Qe2 h6 29. a3 Rb8 30. Bd7 Qd8 31. Ba4 Qf6 32. Kg2 b5 33. cxb5 Qd4 34. Bc2 axb5 35. Bxg6 fxg6 36. Qe6+ Kh7 37. Qxd6 Qxb2+ 38. Kf3 Ra8 39. Qxc5 Rxa3+ 40. Re3 Ra2 41. d6 h5 42. Ke4 Ra4+ 43. Kf3 Qb1 44. Kf2 Ra1 45. Re5 Qf1+ 46. Ke3 Re1+ 47. Kd4 Rd1+ 48. Kc3 Rc1+ 49. Kb4 Rxc5 50. Rxc5 Qd3 51. Rxb5 Qxd6+ 52. Rc5 Kg8 53. Kc4 Qe6+ 54. Kd4 Qxh3 55. Rg5 Kf7 56. Kc4 Kf6 57. Kd4 Qg2 58. Ke3 Qg1+ 59. Ke4 Qf2 60. Kd3 h4 0-1

[Event "Muensterland Verbandsklasse-B 0506"]
[Site "Germany"]
[Date "2006.04.08"]
[Round "8.1"]
[White "Beutelhoff, Josef"]
[Black "Sauer, Bernd"]
[Result "1-0"]
[WhiteElo "2182"]
[BlackElo "1924"]
[PlyCount "57"]
[EventDate "2005.09.03"]
[EventType "team"]
[EventRounds "9"]
[EventCountry "GER"]
[SourceTitle "EXT 2006"]
[Source "ChessBase"]
[SourceDate "2005.11.24"]
[SourceVersion "1"]
[SourceVersionDate "2005.11.24"]
[SourceQuality "1"]
[WhiteTeam "Luedinghausen"]
[BlackTeam "Muenster III"]
[WhiteTeamCountry "GER"]
[BlackTeamCountry "GER"]

1. d4 f5 2. c4 Nf6 3. Nc3 g6 4. g3 Bg7 5. Bg2 0-0 6. Nh3 d6 7. d5 a5 8. Nf4 Na6 9. h4 Nc5 10. Be3 Nfe4 11. Nxe4 Nxe4 12. Bd4 Nf6 13. h5 g5 14. h6 Bh8 15. Nh3 g4 16. Nf4 Qe8 17. Qd2 c5 18. Bc3 Rb8 19. Bxa5 b5 20. cxb5 Rxb5 21. Bc3 Rf7 22. Ne6 Ne4 23. Bxe4 Bxc3 24. bxc3 fxe4 25. Nc7 Qd7 26. Nxb5 Qxb5 27. 0-0 Rf6 28. Rab1 Qe8 29. Rb8 1-0

[Event "Muensterland Verbandsklasse-B 0506"]
[Site "Germany"]
[Date "2005.11.05"]
[Round "2.1"]
[White "Sauer, Bernd"]
[Black "Koch, Alexander"]
[Result "0-1"]
[WhiteElo "1924"]
[BlackElo "2111"]
[PlyCount "72"]
[EventDate "2005.09.03"]
[EventType "team"]
[EventRounds "9"]
[EventCountry "GER"]
[SourceTitle "EXT 2006"]
[Source "ChessBase"]
[SourceDate "2005.11.24"]
[SourceVersion "1"]
[SourceVersionDate "2005.11.24"]
[SourceQuality "1"]
[WhiteTeam "Muenster III"]
[BlackTeam "Metelen"]
[WhiteTeamCountry "GER"]
[BlackTeamCountry "GER"]

1. d4 Nf6 2. c4 g6 3. Nc3 d6 4. e4 Bg7 5. Be2 0-0 6. Nf3 Nbd7 7. 0-0 e5 8. d5 Nh5 9. Ne1 Nf4 10. Bf3 Nb6 11. b3 f5 12. Nd3 Nxd3 13. Qxd3 f4 14. a4 g5 15. h3 Nd7 16. Bg4 Nc5 17. Qd1 Bxg4 18. hxg4 f3 19. gxf3 Qf6 20. b4 Nb3 21. Ra3 Nd4 22. Nb5 Nxf3+ 23. Rxf3 Qxf3 24. Nxc7 Rac8 25. Ne6 Qxe4 26. Nxf8 Rxf8 27. f3 Qxc4 28. Bxg5 Qxb4 29. Kg2 e4 30. f4 h6 31. Bh4 e3 32. f5 Qb2+ 33. Kf3 Re8 34. Re1 h5 35. g5 Qb4 36. Rh1 Qg4# 0-1

[Event "Muensterland Verbandsliga 0405"]
[Site "Muensterland"]
[Date "2005.03.12"]
[Round "7.5"]
[White "Hemmert, Michael"]
[Black "Sauer, Bernd"]
[Result "1-0"]
[WhiteElo "1946"]
[BlackElo "1951"]
[PlyCount "85"]
[EventDate "2004.09.18"]
[EventType "team"]
[EventRounds "9"]
[EventCountry "GER"]
[SourceTitle "EXT 2006"]
[Source "ChessBase"]
[SourceDate "2005.11.24"]
[SourceVersion "1"]
[SourceVersionDate "2005.11.24"]
[SourceQuality "1"]
[WhiteTeam "Rheine Klein Berlin"]
[BlackTeam "Muenster II"]
[WhiteTeamCountry "GER"]
[BlackTeamCountry "GER"]

1. d4 f5 2. c4 Nf6 3. Nc3 g6 4. Nf3 Bg7 5. g3 0-0 6. Bg2 d6 7. 0-0 c6 8. Bg5 Qc7 9. d5 e5 10. dxe6 Bxe6 11. Qd3 Na6 12. Bf4 Rad8 13. Ng5 Nc5 14. Qc2 h6 15. Nxe6 Nxe6 16. Be3 Ng4 17. Qd2 Nxe3 18. Qxe3 Nd4 19. Rad1 Rde8 20. Qd3 Rd8 21. e3 Ne6 22. b4 Ng5 23. Ne2 Nf7 24. Nf4 Ne5 25. Qb3 Qf7 26. b5 Kh7 27. bxc6 bxc6 28. Rc1 Rb8 29. Qa4 g5 30. Ne2 c5 31. Qc2 Rb2 32. Qd1 Qh5 33. Rc2 Rfb8 34. h3 Qg6 35. f4 Nf7 36. Qd3 gxf4 37. Nxf4 Qxg3 38. Qxf5+ Kg8 39. Nh5 Qxe3+ 40. Kh1 R2b7 41. Bd5 Kh8 42. Nxg7 Kxg7 43. Bxf7 1-0